Statistics for World Capitals Named After People

Click here to take the quiz!

General Stats

  • This quiz has been taken 112 times
  • The average score is 5 of 12

Answer Stats

PersonCapitalPerson's name% Correct
Leader of the American Revolutionary WarWashington, D.C.George Washington
89%
Brother of RemusRomeRomulus
75%
Hero of the Battle of WaterlooWellingtonDuke of Wellington
69%
Fifth President of the United StatesMonroviaJames Monroe
62%
Father of the president of the Orange Free StatePretoriaAndries Pretorius
51%
Leader of the enemies of ^GeorgetownKing George III
44%
Husband of Virgin MarySan JoseSaint Joseph
31%
Son of God in ChristianitySan SalvadorJesus Christ
29%
Doubting ApostleSão ToméSaint Thomas
23%
Founder of the Order of PreachersSanto DomingoSaint Dominic
21%
His grandfather was the Sun KingPort LouisKing Louis XV
19%
Venezuelan independence leaderSucreAntonio José de Sucre
19%

Score Distribution

Percentile by Number Answered

Percent of People with Each Score

Your Score History

You have not taken this quiz